[Event "San Francisco TNM Winter op"]
[Site "San Francisco"]
[Date "2014.01.07"]
[Round "1"]
[White "Baran, Nicholas"]
[Black "Sherwood, Peter"]
[Result "0-1"]
[WhiteElo "1234"]
[BlackElo "1808"]
[PlyCount "54"]
[EventDate "2014.01.07"]
[EventType "swiss"]
[EventRounds "8"]
[EventCountry "USA"]
[SourceTitle "EXT 2016"]
[Source "ChessBase"]
[SourceDate "2015.10.08"]
[SourceVersion "1"]
[SourceVersionDate "2015.10.08"]
[SourceQuality "1"]

1. e4 c5 2. Bc4 e6 3. Nf3 Nc6 4. c3 Nf6 5. d3 d6 6. Bg5 Be7 7. 0-0 0-0 8. Re1 Qc7 9. h3 a6 10. d4 cxd4 11. cxd4 b5 12. Bb3 Bb7 13. Nbd2 Rac8 14. Rc1 Qb8 15. a3 Rfe8 16. d5 exd5 17. exd5 Ne5 18. Nxe5 dxe5 19. Bxf6 Bxf6 20. Nf3 Rxc1 21. Qxc1 Qd6 22. Nd4 Bxd5 23. Bxd5 Qxd5 24. Nf5 Rd8 25. b4 Qd7 26. Ne3 Bg5 27. g3 Qxh3 0-1

[Event "San Francisco TNM Fall op"]
[Site "San Francisco"]
[Date "2008.12.16"]
[Round "10"]
[White "Hilliard, Michael"]
[Black "Baran, Nicholas"]
[Result "0-1"]
[WhiteElo "1473"]
[BlackElo "1335"]
[PlyCount "98"]
[EventDate "2008.10.14"]
[EventType "swiss"]
[EventRounds "10"]
[EventCountry "USA"]
[SourceTitle "EXT 2012"]
[Source "ChessBase"]
[SourceDate "2011.11.24"]
[SourceVersion "1"]
[SourceVersionDate "2011.11.24"]
[SourceQuality "1"]

1. d4 e6 2. Nf3 d5 3. e3 c5 4. c3 Nc6 5. Bd3 Nf6 6. Nbd2 Bd6 7. 0-0 Qc7 8. e4 dxe4 9. Nxe4 cxd4 10. cxd4 e5 11. Re1 Nxe4 12. Rxe4 0-0 13. dxe5 Nxe5 14. Nxe5 Bxe5 15. Qh5 f6 16. Rc4 g6 17. Rxc7 gxh5 18. Rxh7 Rd8 19. Bc2 Bf5 20. Rxb7 Bxc2 21. Bh6 f5 22. Rc1 Be4 23. Re7 Bxb2 24. Re1 Bc3 25. Rc1 Rac8 26. h3 Bb2 27. Re1 Bd4 28. Be3 Bxe3 29. Rxe3 Rd1+ 30. Kh2 Rc2 31. Rg3+ Kf8 32. Rgg7 Bd5 33. Rxa7 Rxf2 34. Rad7 f4 35. h4 Rff1 36. Rgf7+ Bxf7 37. Rxd1 Rxd1 38. a4 Rd2 39. Kg1 Ra2 40. a5 Rxa5 41. Kf2 Bd5 42. g3 Ra2+ 43. Kg1 fxg3 44. Kf1 Ra1+ 45. Ke2 g2 46. Ke3 g1Q+ 47. Kf4 Re1 48. Kf5 Qg4+ 49. Kf6 Re6# 0-1

[Event "San Francisco TNM Fall op"]
[Site "San Francisco"]
[Date "2008.12.09"]
[Round "9"]
[White "Baran, Nicholas"]
[Black "Capdeville, Barry E"]
[Result "1-0"]
[WhiteElo "1335"]
[BlackElo "1266"]
[PlyCount "63"]
[EventDate "2008.10.14"]
[EventType "swiss"]
[EventRounds "10"]
[EventCountry "USA"]
[SourceTitle "EXT 2012"]
[Source "ChessBase"]
[SourceDate "2011.11.24"]
[SourceVersion "1"]
[SourceVersionDate "2011.11.24"]
[SourceQuality "1"]

1. e4 c5 2. c3 d6 3. d4 cxd4 4. cxd4 e5 5. Nf3 Qc7 6. Nc3 Nf6 7. Bd3 Bg4 8. dxe5 dxe5 9. h3 Bxf3 10. Qxf3 Nc6 11. Bb5 a6 12. Bxc6+ bxc6 13. 0-0 Be7 14. Re1 0-0 15. a3 a5 16. Be3 Rfd8 17. Na4 Nd7 18. Qg3 c5 19. Rac1 Ra6 20. Nc3 Nf6 21. Bh6 Bf8 22. Bg5 Rd7 23. Rcd1 Rxd1 24. Rxd1 Nh5 25. Qg4 Nf4 26. Bd8 Qb7 27. Rd7 Qxb2 28. Be7 Rg6 29. Rd8 Ne6 30. Qxe6 h6 31. Rxf8+ Kh7 32. Qxf7 1-0

[Event "San Francisco TNM Fall op"]
[Site "San Francisco"]
[Date "2008.11.25"]
[Round "7"]
[White "Evans, Nicholas Thomas"]
[Black "Baran, Nicholas"]
[Result "1-0"]
[WhiteElo "1383"]
[BlackElo "1335"]
[PlyCount "43"]
[EventDate "2008.10.14"]
[EventType "swiss"]
[EventRounds "10"]
[EventCountry "USA"]
[SourceTitle "EXT 2012"]
[Source "ChessBase"]
[SourceDate "2011.11.24"]
[SourceVersion "1"]
[SourceVersionDate "2011.11.24"]
[SourceQuality "1"]

1. e4 e6 2. d4 d5 3. e5 c5 4. c3 Nc6 5. Nf3 Nge7 6. dxc5 Nf5 7. b4 Qc7 8. Bf4 Bd7 9. a3 a5 10. Be2 b6 11. cxb6 Qxb6 12. b5 Na7 13. a4 Bc5 14. 0-0 d4 15. g4 Nh6 16. cxd4 Nxg4 17. dxc5 Qxc5 18. Qd4 Qc2 19. Nc3 Qg6 20. Bg3 Nc8 21. Nh4 Qg5 22. Qxg4 1-0